Chaîne de mots "Marques" Facile #2 - Statistiques

Statistiques générales
  • Ce quiz a été pris 275 fois
  • Le résultat moyen est 19 sur 30
Statistiques - réponses
Question Marques % Correct
Des Tenders de poulets frits KFC
90%
Réseau social créé en octobre 2010 Instagram
89%
Thierry Henry fait de la pub pour cette grande marque de Chips Lay's
87%
Marque de sport en 4 lettres Nike
86%
C'est beau la vie pour les grands et les petits Haribo
84%
Réseau social professionnel créé pour trouver un boulot LinkedIn
83%
Marque de voiture commercialisant la Corsa Opel
83%
Boisson rafraîchissante avec sa pulpe Orangina
83%
Multinationale fondée par Jeff Bezos Amazon
80%
Site de ventes aux enchères sur Internet Ebay
80%
What Else comme dit George Clooney Nespresso
78%
C'est pas un virus, mais bien une marque de bière mexicaine Corona
77%
Avion commercialisant l'A320 AIRBUS
75%
Styliste italien prénommé Giorgio Armani
75%
Yaris, Aygo, Rav4 , Camry Toyota
73%
Cette multinationale commercialise la Playstation Sony
71%
Marque allemande d'automobile vendant la Quattro Audi
68%
International Business Machines IBM
68%
Marque américaine de biscuit en 4 lettres Oréo
66%
Marque de cigarette, ancien sponsor de Ferrari en F1 Marlboro
65%
Grand couturier français décédé en 2008 Yves Saint Laurent
65%
Entreprise spécialisée dans le domaine de la photographie Kodak
58%
Son slogan c'est "Nous, c'est le goût" Quick
46%
Concurrent de la réponse numéro 1 McDonald's
39%
Es-tu capable de trouver cette marque de sport en 5 lettres Kappa
36%
Marque de moto dont le nom est synonyme de Victoire Triumph
31%
Groupe numéro 1 mondial de la Grande Distribution Walmart
27%
La bière aux notes de Vodka Skoll
26%
Marque de prêt-à-porter dont le nom contient 2 lettres valant 10 au Scrabble Oxbow
18%
Elle fabrique et distribue des produits à base de mémoire flash. SanDisk
9%
Aucun quiz correspondant
Distribution des résultats
% des personnes avec chaque résultat
Percentile par nombre de réponses
Votre historique - résultats
Vous n’avez pas pris ce quiz